000 00789nam a22002057a 4500
010 _aENG-96769
020 _a9780198060765
_c595.00
020 _a0198060769
035 _aEN-80302
037 _bDBAD/PUB
082 _a809.19358
100 _aNair, Rukmini Bhaya
_9803
245 _aPoetry in a time of terror:
_bessays in the postcolonial preternatural /
_cby Rukmini Bhaya Nair
260 _aNew Delhi
_bOxford university press
_c2009
270 _aYMCA library building , jai singh road,
_e110001
300 _axxviii,231p
_c18cm (Hb)
500 _aincludes index
942 _2ddc
_cEN
_h809.19358
_mNAR
999 _c37267
_d37267